LEADER 00903cam0 22002653 450 001 SON0005596 005 20250415102211.0 010 $a8842201901 100 $a20010302d1989 |||||ita|0103 ba 101 $aita 102 $aIT 200 1 $aDiana trionfatrice$eArte di corte nel Piemonte del Seicento$fa cura di Michela di Macco$ge Giovanni Romano 210 $aTorino$cAllemandi & C.$d1989 215 $aXLII, 408 p.$cill$d30 cm. 702 1$aDI_MACCO, Michela$3AF00020300$4070 702 1$aRomano, Giovanni <1939-2020>$3AF00004229$4070 801 0$aIT$bUNISOB$c20250415$gRICA 850 $aUNISOB 852 $aUNISOB$j700$m58605 912 $aSON0005596 940 $aM 102 Monografia moderna SBN 941 $aM 957 $a700$b000638$gSI$d58605$rACQUISTO$p120.000$1Alfano$2UNISOB$3UNISOB$420160701111951.0$520160701112009.0$6Alfano 996 $aDiana trionfatrice$9846517 997 $aUNISOB